000 01761nam a2200265 a 4500
001
003 DO-SdBNP
005 20220114075631.0
008 110412s2011 dr c 000 0 spa d
040 _aDO-SdBNP
_bspa
_cBPMSU
082 _a303.483
_bM357h 2011
_222
100 1 _aMárquez, Carlos
_d1953-
245 1 0 _aHacia la revolución tecnológica industrial :
_bideología, liberalísmo, crisis mundial y nuevo liderazgo /
_cCarlos Márquez.
260 _aSanto Domingo :
_bLa Intrusa :
_bFundación Bienestar y Desarrollo Humano,
_c2011.
300 _a309 p. :
_bretr. ;
_c24 cm.
500 _aIncluye datos biográficos del autor en las solapas
504 _aBibliografía : p.305-309
505 _aIdeología, origen y evolución del concepto -- Los precursores del marxismo y las ideas del socialismo real en América Latina y el caribe --La revolución francesa como preámbulo del pensamiento marxista y socialista --Miranda, Nariño, Hidalgo, Bolívar , Morelos, Mariano Moreno, José de San Martín, precursores del liberalismo en A. Latina --Crisis de la ideología, crisis del pensamiento liberal, globalización y neoliberalismo --Nueva crisis económica mundial del capitalismo, opulencia de los países centrales y exclusión de las naciones del Tercer Mundo --América latina: la crisis de los partidos tradicionales en la región Andina. Nuevo orden mundial - República Dominicana, impacto de la crisis mundial, nuevo orden internacional y revolución tecnológica industrial
590 _6Inventariado, 2022/VM
650 4 _aDesarrollo científico y tecnológico
_z América Latina
651 4 _aAmérica Latina
_xPolítica y gobierno
651 4 _aAmérica Latina
_xCondiciones sociales
910 _aVMateo V.
942 _2ddc
_cBK
999 _c13878
_d13878